Quiz Harry Potter pour fans - Statistiques

Statistiques générales
  • Ce quiz a été pris 80 fois
  • Le résultat moyen est 3 sur 8
Statistiques - réponses
Hint Réponse % Correct
Dans Harry Potter à l'école des sorciers, quel est le nombre du coffre de Gringotts où Hagrid et Harry prennent la pierre philosophale ? 713
83%
Dans Harry Potter et la coupe de feu, à l'épreuve du lac, Harry remonte à la surface avec deux personnes dans ces bras, Fleur Delacour ayant abandonnée: Ron et la petite sœur de Fleur. Comment s'appelle-t-elle ? Gabrielle
80%
Dans Harry Potter et la chambre des secrets, quand Harry est chez les Weasley et rencontre Ginny pour la première fois, que cherche celle-ci avant d'être stupéfaite de voir Harry dans sa propre maison ? son pull
36%
Dans Harry Potter et le prince de sang mêlé, dans quel lieu s'embrassent Harry et Ginny ? Dans la salle sur demande
17%
Dans Harry Potter et les reliques de la mort partie 1, sur qui Hermione lance le sort "oubliette" pour la première fois du film ? sur ses parents
16%
Dans Harry Potter et le prisonnier d'Askaban, que propose Sirius à Harry avant que Lupin ne se transforme en loup-garou ? de venir vivre avec lui
14%
Dans Harry Potter et les reliques de la mort partie 2, quand Voldemort vient de tuer l'Horcruxe qu'il avait fait 16 ans auparavant à l'intérieur d'Harry, où discute Harry avec Albus Dumbledor pendant quelques minutes ? dans la garre de King's Cross
6%
Dans Harry Potter et l'ordre du phœnix, quand Harry, Ron, Hermione, Ginny, Fred et George essaye d'écouter la discussion des adultes au QG de l'ordre du phœnix grâce à une oreille à rallonge, qui interrompt la communication ? le chat d'Hermione : Pattenront
2%
Aucun quiz correspondant
Distribution des résultats
% des personnes avec chaque résultat
Percentile par nombre de réponses
Votre historique - résultats
Vous n’avez pas pris ce quiz